|
|
|
|
| LEADER |
00000cam a2200000 a 4500 |
| 001 |
vtls001516198 |
| 003 |
SK-MaSNL |
| 005 |
20260302040853.0 |
| 008 |
251124s1567 sz 01000 lat |
| 015 |
|
|
|a SNBHFA1567
|
| 035 |
|
|
|a H 25377Bak
|
| 040 |
|
|
|a SNK
|b slo
|c SNK
|e AACR2
|
| 041 |
0 |
|
|a lat
|
| 044 |
|
|
|a sz
|c CH
|
| 072 |
|
7 |
|a 2-23/-27
|x Biblia. Biblistika
|2 konspekt
|
| 080 |
|
|
|a 2-27
|2 2011
|
| 080 |
|
|
|a 2-1
|2 2011
|
| 130 |
1 |
|
|a Biblia - Starý zákon a jeho časti
|9 305305
|
| 245 |
1 |
3 |
|a In Dvos Libros Samvelis Prophetae Qvi Vvulgo Priores Libri Regvm Appellantur D. Petri Martyris Vermilii Florentini, professoris diuinarum literarum in schola Tigurina, Commentarii doctissimi, cum rerum & locorum plurimorum tractatione perutili. Editio secunda priori longe emendatior. Accesservnt Praetera Indices locupletißimi: Rerum ﮟ Verborum, Locorum Scripturae, ﮟ deniqЗ Locorum communium qui in his Commentarijs doctißimè explicantur. Galat. VI. Absit mihi gloriari nisi in cruce Domini nostri Iesv Christi per quem mihi mundus crucifixus est, & ego mundo
|
| 246 |
1 |
3 |
|a Biblia - Starý zákon
|
| 250 |
|
|
|a Editio secunda
|
| 260 |
|
|
|a Tigvri
|b Excvdebat Christophorvs Froschovervs
|c Anno M. D. LXVII. [=1567]
|
| 300 |
|
|
|a [18], 310 listov zachovaných
|c fol.
|c 32,5 x 22 cm
|
| 500 |
|
|
|a Signet, iniciálky s ornamentálnym pozadím vo voľnom priestore a v rámčeku na 2, 3, 5, 8 riadkov, kustody
|
| 501 |
|
|
|a Príväzok 1.: BIBLIA - Starý zákon a jeho časti: In Librvm Ivdicvm D. Petri Martyris Vermilij Florentini... Commentarijs. - Tiguri : Christophorus Froschouerus. 1571. fol.
|5 SNK IB 75112/prív.1
|
| 504 |
|
|
|a Marginálie
|
| 508 |
|
|
|a Dedikácia: Simler, Josias; Kisska, Johannes
|
| 510 |
0 |
|
|a VD 16 B/3051
|
| 561 |
|
|
|a Proveniencia: Ex libris Josephi Czichoi [?] Anno 1650 [...] Constat Tal. - supralibros D.T.V.A. 1570.
|5 SNK IB 75112
|
| 561 |
|
|
|a Z knižnice františkánov v Bratislave.
|5 SNK IB 75112
|
| 562 |
|
|
|a Rukopisné marginálie a rukopisné poznámky v latinčine.
|5 SNK IB 75112
|
| 562 |
|
|
|a Defekt: chýba koniec.
|5 SNK IB 75112
|
| 563 |
|
|
|a Väzba:pôvodná, renesančná, bledá koža s ornamentálnou a figurálnou slepotlačou, kovové spony.
|5 SNK IB 75112
|
| 650 |
0 |
7 |
|a biblistika
|2 SNKPH
|9 1798
|
| 650 |
0 |
7 |
|a teológia
|2 SNKPH
|9 1814
|
| 655 |
|
7 |
|a staré tlače
|2 SNKPH
|9 69193
|
| 700 |
1 |
|
|a Vermigli, Pietro Martire,
|d 1499-1562
|4 aut
|9 360067
|
| 700 |
1 |
|
|a Froschauer, Christoph,
|c mladší,
|d 1532-1585
|4 prt
|9 127766
|
| 700 |
1 |
|
|a Simler, Josias,
|d 1530-1576
|4 dto
|9 194698
|
| 700 |
1 |
|
|a Kisska, Johannes
|4 hnr
|9 72545
|
| 700 |
0 |
|
|a D.T.V.A.
|d 1570
|4 fmo
|9 691731
|
| 710 |
0 |
|
|a Froschauer, Christoph mladší (Zürich, Švajčiarsko),
|d 1564-1585
|4 prt
|9 180163
|
| 710 |
1 |
|
|a Františkáni (Bratislava, Slovensko)
|4 fmo
|9 281881
|
| 752 |
|
|
|a Švajčiarsko
|d Zürich
|
| 852 |
|
|
|a snk
|b Historické fondy
|p IB 75112
|
| 958 |
|
|
|a ONDV
|
| 999 |
|
|
|c 1076366
|d 1078296
|
| 952 |
|
|
|t Fr Ba 25 377
|a SNK
|b SNK
|c SNK_HF
|y PREZ
|7 0
|p 17A1358447
|o snkIB 75112
|i snk2020/21810
|8 5
|0 0
|1 0
|4 0
|d 2005-04-05
|l 0
|r 2005-04-05 00:00:00
|w 2026-02-24
|